| 000 | 01462cam a2200313 a 4500 | ||
|---|---|---|---|
| 001 | 13757541 | ||
| 005 | 20060722204349.0 | ||
| 008 | 041021s2004 enka b 001 0 eng | ||
| 020 | _a0197200028 | ||
| 035 | _a(OCoLC)ocm53822898 | ||
| 040 |
_aUKM _cUKM _dOCLCQ _dORU _dDLC |
||
| 082 | 0 | 0 |
_a297.12260904 _222 _bMOD |
| 245 | 0 | 0 |
_aModern Muslim Intellectuals and the Quran / _cedited by Suha Taji-Farouki. |
| 260 |
_aOxford ; _aNew York : _bOxford University Press in association with the Institute of Ismaili Studies, London, _c2004. |
||
| 300 |
_axiii, 342 p. : _bill. ; _c23 cm. |
||
| 490 |
_aQuranic studies series _928783 |
||
| 504 | _aIncludes bibliographical references and index. | ||
| 630 | 0 | 0 |
_aKoran _vCommentaries. _928784 |
| 630 | 0 | 0 |
_aKoran _xHermeneutics. _928785 |
| 630 | 0 | 0 |
_aKoran _xCriticism, interpretation, etc. _928786 |
| 653 |
_bPol _cFebruary2012 |
||
| 700 | 1 |
_aTaji-Farouki, Suha. _928787 |
|
| 710 | 2 |
_aInstitute of Ismaili Studies. _928788 |
|
| 856 | 4 | 2 |
_3Publisher description _uhttp://www.loc.gov/catdir/enhancements/fy0620/2004303639-d.html |
| 856 | 4 | 1 |
_3Table of contents only _uhttp://www.loc.gov/catdir/enhancements/fy0620/2004303639-t.html |
| 942 |
_2ddc _cBB |
||
| 999 |
_c16434 _d16434 |
||